Statystyki dla Kształty państw na literę S

Kliknij tutaj aby rozwiązać quiz!

Ogólne statystyki

  • Ten quiz został rozwiązany 57 razy
  • Średni wynik to 16 z 22

Statystyki odpowiedzi

Odpowiedź% Poprawnych
Somalia
96%
Serbia
91%
Szwecja
91%
Stany Zjednoczone
89%
Szwajcaria
89%
Sri Lanka
85%
Senegal
83%
Słowacja
83%
Słowenia
83%
Sudan
83%
Sudan Południowy
70%
Seszele
67%
Singapur
67%
Samoa
65%
Syria
59%
San Marino
57%
Saint Vincent i Grenadyny
54%
Salwador
54%
Saint Kitts i Nevis
52%
Saint Lucia
52%
Surinam
50%
Sierra Leone
43%

Rozkład punktacji

Percentyl według liczby udzielonych odpowiedzi

Procent ludzi z każdym wynikiem

Twoja historia wyników

Nie rozwiązałeś tego quizu